إحصاءات الإنشاءات : (رقم التسجيلة. 65935)

تفاصيل مارك
000 -LEADER
fixed length control field 00607nam a22001817a 4500
005 - DATE AND TIME OF LATEST TRANSACTION
control field 20251108171922.0
008 - FIXED-LENGTH DATA ELEMENTS--GENERAL INFORMATION
fixed length control field 250721s2003 xx 000 0 ara d
082 14 - DEWEY DECIMAL CLASSIFICATION NUMBER
Classification number 624.083/داي
245 10 - TITLE STATEMENT
Title إحصاءات الإنشاءات :
Remainder of title مسح المقاولين - المسح التكميلي - تعداد رخص الأبنية /
264 ## - PRODUCTION, PUBLICATION, DISTRIBUTION, MANUFACTURE, AND COPYRIGHT NOTICE
Date of production, publication, distribution, manufacture, or copyright notice 2003.
300 ## - PHYSICAL DESCRIPTION
Extent 108ص
650 17 - SUBJECT ADDED ENTRY--TOPICAL TERM
Topical term or geographic name as entry element هندسة الإنشاءات
650 17 - SUBJECT ADDED ENTRY--TOPICAL TERM
Topical term or geographic name as entry element الإحصاءات
650 17 - SUBJECT ADDED ENTRY--TOPICAL TERM
Topical term or geographic name as entry element الهندسة المدنية
710 2# - ADDED ENTRY--CORPORATE NAME
Corporate name or jurisdiction name as entry element دائرة الإحصاءات العامه- الاردن
942 ## - ADDED ENTRY ELEMENTS (KOHA)
Source of classification or shelving scheme Dewey Decimal Classification
Koha item type كتب
المقتنيات
حالة السحب حالة الفقدان مصدر التصنيف حالة التلف غير قابل للإعارة المكتبة الرئيسية المكتبة الحالية موقع الرف تاريخ التزويد الرقم المتسلسل Total Checkouts رقم الإستدعاء تاريخ آخر ظهور تاريخ الفاتورة نوع المادة (كوها)
    Dewey Decimal Classification Unchecked   المكتبة المركزية المكتبة المركزية الإعارة 06/07/2004 616369   624.083/داي 28/07/2025 06/07/2004 كتب
Implemented & Customized by: BBB with SCIT (Smart Chains for Information Technology)

Powered by Koha